Nationen mit Doppelsiegen in der Formel 1 - Statistiken

Allgemein
  • Dieses Quiz wurde 152 mal gespielt
  • Das Durchschnittsergebnis liegt bei 6 aus 8
Antwortstatistiken
Doppelsiege Nation % Korrekt
14 Deutschland
99%
45 Vereinigtes Königreich
97%
16 Italien
94%
11 Frankreich
90%
11 Brasilien
85%
14 Vereinigte Staaten
82%
6 Argentinien
64%
1 Neuseeland
36%
Keine übereinstimmenden Quizze gefunden
Verteilung der Resultate
Anzahl Personen mit jedem Resultat
Perzentil nach korrekt beantworteten Fragen
Ihre Resultats-Entwicklung
Sie haben dieses Quiz noch nicht gespielt